Wie viele WM Titel hat das Land? - Statistiken

Allgemein
  • Dieses Quiz wurde 393 mal gespielt
  • Das Durchschnittsergebnis liegt bei 12 aus 15
Antwortstatistiken
Hint Antwort % Korrekt
Japan 0
93%
Deutschland 4
92%
Brasilien 5
91%
Mexiko 0
89%
Belgien 0
89%
Portugal 0
86%
Niederlande 0
81%
Jugoslawien 0
80%
Sowjetunion 0
80%
England 1
79%
Uruguay 2
71%
Frankreich 2
65%
Italien 4
61%
Argentinien 3
59%
Spanien 1
53%
Keine übereinstimmenden Quizze gefunden
Verteilung der Resultate
Anzahl Personen mit jedem Resultat
Perzentil nach korrekt beantworteten Fragen
Ihre Resultats-Entwicklung
Sie haben dieses Quiz noch nicht gespielt